| 000 | 00537cam a2200205ua 4500 | ||
|---|---|---|---|
| 001 | 6621 | ||
| 005 | 20260515114057.0 | ||
| 008 | 140213n ii |||gr||||Z||||||eng | ||
| 020 | _a81-224-1814-7 | ||
| 040 | _cMAIN | ||
| 082 | _a519.5 | ||
| 245 |
_aBasic statistics _cBy B.L. Agarwal |
||
| 250 | _a4th ed. | ||
| 260 |
_aNew delhi: _bNew age International publishers., _c2006. |
||
| 300 | _axiv,763p. | ||
| 653 | _aProbabilities & applied mathematics | ||
| 653 | _aBasic statistics | ||
| 700 |
_aAgarwal,B.L., _eAuthor., |
||
| 942 | _cBK | ||
| 999 |
_c5765 _d5765 |
||